| 000 | 00705cam a22002172 4500 | ||
|---|---|---|---|
| 001 | 0000005027 | ||
| 005 | 20151217151950.0 | ||
| 008 | 070605s xx 000 0 eng d | ||
| 020 | _a9298664644 : | ||
| 040 |
_aKABU _cKABU |
||
| 050 | 0 |
_aT173.8 _b.I56 |
|
| 245 | 1 | 0 |
_aInnovations in innovation : _breflections on partnership, institutions and learning / _cedited by A. J. Hall ... [et al.] |
| 260 |
_aNew Delhi : _bICRISAT, _c2004. |
||
| 300 | _aix, 238 p. | ||
| 650 | 0 |
_aTechnological innovations. _@0000033363 |
|
| 700 | 1 |
_aHall, A. J. _@0000155514 |
|
| 908 | _a070605 | ||
| 950 | _@1 | ||
| 999 |
_c6806 _d6806 |
||